| 000 | 00493nam a2200169Ia 4500 | ||
|---|---|---|---|
| 999 |
_c33255 _d33255 |
||
| 003 | OSt | ||
| 005 | 20200918131707.0 | ||
| 008 | 190216s9999||||xx |||||||||||||| ||und|| | ||
| 040 | _coclc | ||
| 082 |
_a537 _bSAX/E |
||
| 100 |
_aSaxena, M C _94751 |
||
| 245 | 0 |
_aElectricity And Electronics / _cM C Saxena ; V P Arora ; Satya Prakash |
|
| 260 |
_bPragathi Prakashan. _c1985. _aMeerut: |
||
| 300 | _a711p | ||
| 650 | _aPhysics | ||
| 942 |
_cBK _2ddc _h537 _iSAX/E _k537 _mSAX/E |
||